000
00263nam a2200097Ia 4500
008
220204s9999 xx 000 0 und d
082
_a
351.817
_b
POS
245
0
_a
Post and telegraph guide
260
_a
India
_b
Director General of Post & Telegraph
_c
1950
942
_c
BK
999
_c
19844
_d
19844